[Event "Zhukovsky op"]
[Site "Zhukovsky"]
[Date "2012.04.??"]
[Round "7"]
[White "Guseynov, Vafadar"]
[Black "Gostev, Oleg"]
[Result "1/2-1/2"]
[WhiteElo "1849"]
[BlackElo "1594"]
[PlyCount "105"]
[EventDate "2012.04.??"]
[EventType "swiss"]
[EventRounds "9"]
[EventCountry "RUS"]
[SourceTitle "EXT 2014"]
[Source "ChessBase"]
[SourceDate "2013.11.20"]
[SourceVersion "1"]
[SourceVersionDate "2013.11.20"]
[SourceQuality "1"]

1. e4 c5 2. Nf3 Nc6 3. d4 cxd4 4. Nxd4 e6 5. Be2 g6 6. Be3 Bg7 7. Nc3 a6 8. Qd2 Nge7 9. 0-0-0 Qa5 10. Kb1 b5 11. Nb3 Bxc3 12. bxc3 Qc7 13. Nc5 Ne5 14. Qd6 Qxd6 15. Rxd6 0-0 16. f4 Nc4 17. Bxc4 bxc4 18. Nxd7 Bxd7 19. Rxd7 Rab8+ 20. Ka1 Rfe8 21. Rhd1 Rb5 22. g4 f5 23. Rd8 Kf7 24. Rxe8 Kxe8 25. Rd6 Kf7 26. exf5 exf5 27. Rxa6 fxg4 28. Ra7 h5 29. a4 Rd5 30. Rc7 Ke6 31. Rxc4 Kd6 32. Rd4 h4 33. a5 Kc6 34. Rc4+ Kb7 35. Bb6 Nc6 36. Rc5 Rxc5 37. Bxc5 Nxa5 38. Bf2 h3 39. Kb2 Kc6 40. Kc1 Kd5 41. Kd1 Ke4 42. Kd2 Nc4+ 43. Ke2 Kxf4 44. Bg3+ Ke4 45. Bb8 Na3 46. Kf2 Nxc2 47. Kg3 Ne3 48. Ba7 Nf1+ 49. Kxg4 Nxh2+ 50. Kxh3 Nf3 51. c4 Ne5 52. c5 Kd5 53. Kh2 1/2-1/2

[Event "Zhukovsky op"]
[Site "Zhukovsky"]
[Date "2012.04.??"]
[Round "9"]
[White "Lukina, Tatiana"]
[Black "Gostev, Oleg"]
[Result "1-0"]
[WhiteElo "1753"]
[BlackElo "1594"]
[PlyCount "49"]
[EventDate "2012.04.??"]
[EventType "swiss"]
[EventRounds "9"]
[EventCountry "RUS"]
[SourceTitle "EXT 2014"]
[Source "ChessBase"]
[SourceDate "2013.11.20"]
[SourceVersion "1"]
[SourceVersionDate "2013.11.20"]
[SourceQuality "1"]

1. e4 e6 2. d4 d5 3. e5 Bd7 4. Bd3 c5 5. c3 Nc6 6. Nf3 cxd4 7. cxd4 Bb4+ 8. Nc3 a6 9. a3 Be7 10. h4 b5 11. b4 Qb6 12. Be3 Rc8 13. Rc1 h6 14. g3 Qd8 15. h5 Na7 16. Nh4 Bxh4 17. Rxh4 Ne7 18. Qg4 Kf8 19. Qf3 Nf5 20. Rf4 Qe7 21. Bxf5 exf5 22. Qxd5 Be6 23. Qf3 Rd8 24. d5 Bc8 25. Bc5 1-0

[Event "Zhukovsky op-B 05"]
[Site "Zhukovsky"]
[Date "2009.05.??"]
[Round "5"]
[White "Beliy, Gennady"]
[Black "Gostev, Oleg"]
[Result "1/2-1/2"]
[WhiteElo "1901"]
[BlackElo "1594"]
[PlyCount "95"]
[EventDate "2009.05.??"]
[EventType "swiss"]
[EventRounds "9"]
[EventCountry "RUS"]
[SourceTitle "EXT 2012"]
[Source "ChessBase"]
[SourceDate "2011.11.24"]
[SourceVersion "1"]
[SourceVersionDate "2011.11.24"]
[SourceQuality "1"]

1. d4 d5 2. Nc3 Nf6 3. Bg5 e6 4. e3 Be7 5. Bd3 h6 6. Bh4 Nbd7 7. Nf3 c5 8. 0-0 c4 9. Be2 a6 10. Ne5 Nxe5 11. dxe5 Nh7 12. Bg3 Bd7 13. e4 Bc6 14. exd5 Bxd5 15. Bf3 Bxf3 16. Qxf3 Qc7 17. h4 0-0 18. Rad1 Rfd8 19. Ne4 Rxd1 20. Rxd1 Rd8 21. Nd6 Bxd6 22. exd6 Qd7 23. b3 cxb3 24. cxb3 Nf6 25. Be5 Nd5 26. Rxd5 exd5 27. Qxd5 Qc6 28. Qd2 Qe4 29. Bg3 Rd7 30. Qc3 Qc6 31. Qe5 Kf8 32. a4 b5 33. axb5 Qxb5 34. Qe4 Kg8 35. Qe8+ Kh7 36. Qc8 Rb7 37. Kh2 Qd7 38. Qc2+ g6 39. Qe2 a5 40. Qe5 Rb5 41. Qe7 Rb7 42. Qf8 Qe6 43. Qa8 Rxb3 44. Qxa5 Rb1 45. Qc7 Rd1 46. h5 Kg7 47. Qc3+ Kh7 48. Qf3 1/2-1/2

[Event "Zhukovsky Elo-E"]
[Site "Zhukovsky"]
[Date "2008.01.12"]
[Round "6"]
[White "Leschenko, Wjatcheslaw"]
[Black "Gostev, Oleg"]
[Result "1-0"]
[WhiteElo "1620"]
[BlackElo "1641"]
[PlyCount "107"]
[EventDate "2008.01.02"]
[EventType "tourn"]
[EventRounds "9"]
[EventCountry "RUS"]
[SourceTitle "EXT 2010"]
[Source "ChessBase"]
[SourceDate "2010.11.25"]
[SourceVersion "1"]
[SourceVersionDate "2010.11.25"]
[SourceQuality "1"]

1. c4 e5 2. Nc3 Nc6 3. g3 Nf6 4. Bg2 e4 5. a3 d6 6. e3 Bf5 7. Qc2 Qe7 8. Nge2 g6 9. Nd5 Nxd5 10. cxd5 Nb8 11. b4 Bg7 12. Rb1 0-0 13. Bb2 Bxb2 14. Qxb2 Nd7 15. h3 Ne5 16. Qc3 Nd3+ 17. Kf1 Rac8 18. Nf4 Nxf4 19. gxf4 c5 20. Ke2 Bd7 21. Qc4 f5 22. h4 cxb4 23. Qxb4 b5 24. f3 Rc4 25. Qb2 exf3+ 26. Kxf3 h5 27. Kg3 Rfc8 28. Rhc1 Rxc1 29. Rxc1 Rxc1 30. Qxc1 Qd8 31. Qc3 Kf7 32. d3 Qc8 33. Qxc8 Bxc8 34. e4 Kf6 35. Kf3 fxe4+ 36. dxe4 a5 37. Ke3 b4 38. axb4 axb4 39. Kd4 b3 40. Kc3 b2 41. Kxb2 Bg4 42. Kc3 Bc8 43. Kd4 Bd7 44. e5+ dxe5+ 45. fxe5+ Kf7 46. Ke4 g5 47. hxg5 Kg6 48. e6 Ba4 49. Kf4 Kg7 50. d6 Kf8 51. Be4 Bb5 52. Ke5 h4 53. Kf6 h3 54. d7 1-0

[Event "Zhukovsky Elo-E"]
[Site "Zhukovsky"]
[Date "2008.01.06"]
[Round "5"]
[White "Gostev, Oleg"]
[Black "Pogodaev, Leonid"]
[Result "1-0"]
[WhiteElo "1641"]
[BlackElo "1576"]
[PlyCount "97"]
[EventDate "2008.01.02"]
[EventType "tourn"]
[EventRounds "9"]
[EventCountry "RUS"]
[SourceTitle "EXT 2010"]
[Source "ChessBase"]
[SourceDate "2010.11.25"]
[SourceVersion "1"]
[SourceVersionDate "2010.11.25"]
[SourceQuality "1"]

1. e4 e5 2. Nf3 Nc6 3. Bc4 Bc5 4. c3 Nf6 5. d4 exd4 6. e5 Ng4 7. cxd4 Bb4+ 8. Bd2 Bxd2+ 9. Nbxd2 d6 10. h3 Nh6 11. 0-0 dxe5 12. dxe5 Qe7 13. Re1 Bd7 14. a3 Nf5 15. b4 Ncd4 16. Rc1 b5 17. Bd3 Nxf3+ 18. Qxf3 Rd8 19. Bxf5 Bxf5 20. Nb3 Be6 21. Nc5 Bd5 22. Qg3 0-0 23. f4 c6 24. f5 Kh8 25. Nd3 Bc4 26. Nf4 Qd7 27. Nh5 Rg8 28. Rcd1 Qxd1 29. Rxd1 Rxd1+ 30. Kh2 Rd3 31. Qh4 Rxa3 32. Qe7 Re3 33. f6 g6 34. Ng3 Bd5 35. Qxa7 Rb3 36. Qd4 Ra3 37. Ne4 Ra2 38. Kg3 Ra3+ 39. Kh4 Ra2 40. Ng5 Rxg2 41. e6 Bxe6 42. Nxe6 g5+ 43. Kh5 Rg3 44. Qd7 fxe6 45. f7 Rxh3+ 46. Kg4 Rh4+ 47. Kg3 Rf8 48. Qxe6 Rf4 49. Qe5+ 1-0

[Event "Zhukovsky Elo-E"]
[Site "Zhukovsky"]
[Date "2008.01.03"]
[Round "2"]
[White "Vatolin, Aleksey"]
[Black "Gostev, Oleg"]
[Result "0-1"]
[WhiteElo "1514"]
[BlackElo "1641"]
[PlyCount "62"]
[EventDate "2008.01.02"]
[EventType "tourn"]
[EventRounds "9"]
[EventCountry "RUS"]
[SourceTitle "EXT 2010"]
[Source "ChessBase"]
[SourceDate "2010.11.25"]
[SourceVersion "1"]
[SourceVersionDate "2010.11.25"]
[SourceQuality "1"]

1. e4 d6 2. d4 Nf6 3. Nc3 g6 4. Nf3 Bg7 5. Bc4 0-0 6. Bb3 Nbd7 7. 0-0 c5 8. d5 a6 9. a4 Ng4 10. Bd2 Nge5 11. Nxe5 Nxe5 12. f4 Ng4 13. h3 Bd4+ 14. Kh1 Nf2+ 15. Rxf2 Bxf2 16. Qf3 Bd4 17. f5 Bg7 18. h4 Bd7 19. Nd1 b5 20. axb5 axb5 21. Rxa8 Qxa8 22. c3 c4 23. Bc2 Qd8 24. Bg5 h6 25. Bf4 e5 26. dxe6 Qxh4+ 27. Kg1 fxe6 28. fxg6 Rxf4 29. Qe3 Be5 30. Qb6 Qe1+ 31. Kh2 Rh4# 0-1

[Event "Zhukovsky Cup"]
[Site "Zhukovsky"]
[Date "2008.??.??"]
[Round "3"]
[White "Beliy, Gennady"]
[Black "Gostev, Oleg"]
[Result "1-0"]
[WhiteElo "1910"]
[BlackElo "1641"]
[PlyCount "53"]
[EventDate "2008.04.21"]
[EventType "swiss"]
[EventRounds "9"]
[EventCountry "RUS"]
[SourceTitle "EXT 2022"]
[Source "ChessBase"]
[SourceDate "2021.10.06"]
[SourceVersion "1"]
[SourceVersionDate "2021.10.06"]
[SourceQuality "1"]

1. d4 Nf6 2. c4 g6 3. g3 Bg7 4. Bg2 c6 5. Nc3 0-0 6. Nf3 d5 7. cxd5 cxd5 8. 0-0 Nc6 9. Bf4 a6 10. Rc1 Bf5 11. Ne5 Nh5 12. Nxd5 Nxf4 13. gxf4 Rc8 14. e3 Re8 15. Qe2 Qa5 16. a3 Be6 17. Nc3 Bb3 18. Nd7 b5 19. Bd5 Bxd5 20. Nxd5 e6 21. N5f6+ Bxf6 22. Nxf6+ Kf8 23. Nxe8 Kxe8 24. Rc5 Qb6 25. Rfc1 Kd7 26. Qf3 Nxd4 27. exd4 1-0

[Event "Zhukovsky Cup"]
[Site "Zhukovsky"]
[Date "2008.??.??"]
[Round "1"]
[White "Zhukovsky, Viacheslav"]
[Black "Gostev, Oleg"]
[Result "1-0"]
[WhiteElo "2038"]
[BlackElo "1641"]
[PlyCount "75"]
[EventDate "2008.04.21"]
[EventType "swiss"]
[EventRounds "9"]
[EventCountry "RUS"]
[SourceTitle "EXT 2022"]
[Source "ChessBase"]
[SourceDate "2021.10.06"]
[SourceVersion "1"]
[SourceVersionDate "2021.10.06"]
[SourceQuality "1"]

1. c4 e5 2. Nc3 Nc6 3. Nf3 Nf6 4. g3 Be7 5. Bg2 d6 6. d4 exd4 7. Nxd4 Bd7 8. Nc2 0-0 9. 0-0 Qc8 10. Re1 Ne5 11. b3 Bh3 12. Bh1 c6 13. e4 Qc7 14. Ne3 Rad8 15. Bb2 h6 16. Qd2 Bg4 17. Nxg4 Nfxg4 18. h3 Nf6 19. f4 Ned7 20. Kh2 Nh7 21. Rad1 Ndf6 22. Qe2 Qa5 23. a3 Rd7 24. e5 dxe5 25. fxe5 Rxd1 26. Rxd1 Ne8 27. Rd7 Bxa3 28. Bxa3 Qxa3 29. Rxb7 Qa6 30. Rd7 Ng5 31. Bg2 Ne6 32. Qe3 N8c7 33. Rd6 Qa3 34. Rxc6 Qxb3 35. Nd5 Qxe3 36. Nxe3 Rb8 37. Nd5 Rc8 38. Ne7+ 1-0